Bài tập vật lí lí thuyết 2 Tóm tắt lí thuyết. Bài tập cơ bản và nâng cao Tập 2 Vật lí thống kê

Giới thiệu lí thuyết và bài tập về vật lí thống kê, nội dung gồm: cơ sở cơ học giải tích, các phương trình chuyển động Lagrange và Hamilton, không gian pha, cơ sở lí thuyết xác suất, khí thực, vật rắn, nhiệt rung, hệ có số hạt thay đổi, sự chuyển pha, thống kê lượng tử... và thuyết động học chất khí...

Deskribapen osoa

Gorde:
Xehetasun bibliografikoak
Egile nagusia: Nguyễn Quang Học
Beste egile batzuk: Đinh Quang Vinh
Formatua: Liburua
Hizkuntza:Vietnamese
Argitaratua: H. Đại học Sư phạm 2015
Gaiak:
Etiketak: Etiketa erantsi
Etiketarik gabe, Izan zaitez lehena erregistro honi etiketa jartzen!
Thư viện lưu trữ: Mạng thư viện Đại học Đà Nẵng
LEADER 01891nam a2200397 4500
001 000025158
003 21649
005 20170518140530.0
008 170518s2015 viesd
020 |c 45000 
041 0 |a vie 
082 1 4 |a 530.1  |b NG-H 
100 1 |a Nguyễn Quang Học 
245 1 0 |a Bài tập vật lí lí thuyết 2  |b Tóm tắt lí thuyết. Bài tập cơ bản và nâng cao  |c Nguyễn Quang Học, Đinh Quang Vinh  |n Tập 2  |p Vật lí thống kê 
246 3 |a Bài tập vật lý lý thuyết 2  |b Vật lý thống kê 
260 |a H.  |b Đại học Sư phạm  |c 2015 
300 |a 180 tr.  |b bảng  |c 24cm. 
504 |a Phụ lục: tr. 170-177. - Thư mục: tr. 178-179 
520 3 |a Giới thiệu lí thuyết và bài tập về vật lí thống kê, nội dung gồm: cơ sở cơ học giải tích, các phương trình chuyển động Lagrange và Hamilton, không gian pha, cơ sở lí thuyết xác suất, khí thực, vật rắn, nhiệt rung, hệ có số hạt thay đổi, sự chuyển pha, thống kê lượng tử... và thuyết động học chất khí 
650 0 4 |a Vật lý học  |v Bài tập  |x Bài toán, bài tập 
650 0 4 |a Vật lý học  |v Bài tập  |x Thống kê học 
653 |a Vật lí lí thuyết 
653 |a Vật lí thống kê 
653 |a Bài tập 
700 1 |a Đinh Quang Vinh 
773 |t Bài tập Vật lí lí thuyết 2  |w 21648 
OWN |a LSP 
AVA |a UDN50  |b LSP  |d 530.1 NG-H  |e check_holdings  |t Error 5003 Not defined in file expand_doc_bib_avail.  |h N  |k 1 
999 |a From the UDN01 
AVA |a UDN50  |b LSP  |d 530.1 NG-H  |e available  |t Error 5001 Not defined in file expand_doc_bib_avail.  |f 20  |g 0  |h N  |i 6  |k 1 
TYP |a Monograph 
TYP |a Printed language 
980 |a Mạng thư viện Đại học Đà Nẵng